000 00676nam a2200229Ia 4500
003 OSt
005 20220928112643.0
006 a|||||r|||| 00| 0
007 ta
008 220927b |||||||| |||| 00| 0 eng d
024 _a36642
037 _cTextual
040 _aSDCL
_cSDCL
_beng
041 _2eng
_aeng
082 _aX9(J):327.243'N8, M4
100 _aLekhi Romesh Kumar
_9429116
245 0 _aTechnological revolution in agriculture
_b A case study of Punjab
260 _aNew Delhi
_bClassical publishing
_c1984
300 _av,128p
_ccm.
942 _hX9(J):327.243'N8, M4
_cTEXL
_2CC
999 _c745602
_d745602